| 000 | | | 04845cmc2a2200000 x 450 |
| 001 | | | 49fe4397-7e63-45b2-96e7-fbaf3aeb9b81 |
| 005 | | | 20170206152222.0 |
| 100 | ## | $a | 20140303l19141917k l0rusy0189 ca |
| 101 | 0# | $a | rus |
| 200 | 1# | $a | Обзоры русской и иностранной периодической печати |
| | $j | 1914-1917 гг. |
| 215 | ## | $a | 118 единиц хранения |
| 102 | ## | $a | RU |
| 251 | ## | $c | Опись |
| 801 | #0 | $a | RU |
| | $b | РГИА |
| | $c | 20140303 |
| 801 | #1 | $a | RU |
| | $b | ГлавНИВЦ |
| | $c | 20140303 |
| | $2 | rusmarc |
| 801 | #2 | $a | RU |
| | $b | ПБ им. Б.Н. Ельцина |
| | $c | 20160808 |
| | $g | RCR |
| | $2 | rusmarc |
| 850 | ## | $a | Федеральное казенное учреждение "Российский государственный исторический архив" (РГИА) |
| 852 | ## | $a | РГИА |
| | $j | 2 |
| 937 | ## | $h | РГИА |
| | $d | 11238003 |
| | $a | ASBIBLIO_SCAN |
| 461 | #0 | $1 | 00170bfa5a4-889e-44db-9b74-75899b008a1e |
| | $1 | 2001 |
| | $a | Обзоры печати, выписки и вырезки из печати (коллекция) |
| | $v | Оп. 2 |
| | $1 | 251 |
| | $c | Фонд |
| | $1 | 852 |
| | $j | 1470 |
| 371 | ## | $a | Документ не является опубликованным и широко распространяемым |
| 327 | ## | $a | В описи содержатся: обзоры периодической печати в России и по странам, о военных действиях и о мире; вырезки из газеты «Вестник Временного правительства» (март-октябрь 1917 г.) |
| 035 | ## | $a | 49fe4397-7e63-45b2-96e7-fbaf3aeb9b81 |
| 122 | 2# | $a | d1914###### |
| | $a | d1917###### |
| 300 | ## | $a | На сайте РГИА (http://www.fgurgia.ru/object/27813293) название описи: 1914-1917 гг. |
| 517 | 1# | $a | 1914-1917 гг. |
| 686 | ## | $a | 63.3(2)53ю1 |
| | $v | LBC/M |
| | $2 | rubbk |
| 606 | 1# | $2 | nlr_sh1 |
| | $3 | RU\NLR\AUTH\66630876 |
| | $a | Периодическая печать |
| | $j | Документы и материалы |
| | $y | Россия |
| 607 | ## | $2 | nlr_sh |
| | $3 | RU\NLR\AUTH\661450247 |
| | $a | Россия |
| | $j | Документы и материалы |
| | $x | История |
| | $z | 2-я пол. 19 - нач. 20 вв. |
| 607 | ## | $a | Россия$xПолитика и управление |
| | $j | Документы и материалы |
| | $z | 19 - нач. 20 вв. |
| | $2 | nlr_sh |
| | $3 | RU\NLR\AUTH\661537449 |
| 605 | ## | $2 | acquisition_Prlib |
| | $3 | DITM\AF\0000002775 |
| | $a | Власть |
| | $l | коллекция |
| 605 | ## | $a | Народ |
| | $l | коллекция |
| | $2 | acquisition_Prlib |
| | $3 | DITM\AF\0000003834 |